000 01487nam a2200301 a 4500
001 000000533
005 20200929145346.0
008 090122s2005 dr a 000 0 spa d
020 _z9993499242
020 _z9789993499244
040 _aDO-SdBNP
_bspa
_cBNPHU
082 _a280.4
_bT137c
245 0 0 _aTal como somos :
_bhistoria del Concilio Asamblea de Iglesias Cristianas, Inc. y sus más sobresalientes líderes en la República Dominicana 1946-2003 /
_cYoselman R. Mirabal... [et al.].
260 _aSanto Domingo :
_bMinisterio de Publicaciones Cristianas,
_c2005.
300 _a134 p. :
_bil. ;
_c21 cm.
590 _aInventariado, 2018/ YL
505 0 _tPrólogo /
_rJulio MI. Garabitos T. --
_tIntroducción --
_tBreve reseña histórica del Concilio --
_tBreve reseña de algunos representantes --
_tBreve reseña biográfica de líderes --
_tGalería de eventos importantes --
_tAspectos fundamentales de la investigación --
_tEpílogo. Sueño: los nuevos desafíos.
650 4 _aCristianismo
_zRepública Dominicana
_91768
650 4 _aSectas cristianas
_xHistoria
_zRepública Dominicana
_91769
650 4 _aEvangelicalismo
_xHistoria
_zRepública Dominicana
_91770
650 4 _aMisioneros
_zRepública Dominicana
_91771
650 4 _aIglesia
_xUnidad
_91772
700 1 _aMirabal, Yoselman R.
_91773
700 1 _aHeredia S., Arístides D.
_91774
700 1 _aGirón Reyes, Hipólito
_91775
700 1 _aCuevas F., Rey W.
_91776
910 _aValidado. Control de calidad EMS
999 _c531
_d531